000 00380cam a22001097a 4500
008 180718b1985 xxu||||| |||| 00| 0 eng d
082 _aA2:Zx54 In2/1975-1983
245 _aAgriculture, 1975-1983
_cby Lok Sabha Secretariat
260 _aNew Delhi
_bParliament Library and Documentation Service, Lok Sabha Secretariat
_c1985
300 _a438p.
700 _aIndia. Lok Sabha Secretariat
999 _c487367
_d487367